| 000 | 00544nam a2200181Ia 4500 | ||
|---|---|---|---|
| 999 |
_c14219 _d14219 |
||
| 003 | OSt | ||
| 005 | 20201105101446.0 | ||
| 008 | 190216s9999||||xx |||||||||||||| ||und|| | ||
| 020 | _a8187138521 | ||
| 040 | _coclc | ||
| 082 |
_a820 _bHUD/I |
||
| 100 |
_a Hudson, William Harry _96278 |
||
| 245 | 3 |
_aAn Introduction To The Study Of English Literature / _cWilliam Henry Hudson |
|
| 260 |
_bRolein Books, _c1996. _aNew delhi: |
||
| 300 | _a396p | ||
| 650 | _aEnglish Literature | ||
| 942 |
_cBK _2ddc _h820 _iHUD/I _k820 _mHUD/I |
||